|
|
|
|
| LEADER |
00908nam a2200217 a 4500 |
| 001 |
GR-MES8487 |
| 008 |
020620s19931994gr 000 0 gre d |
| 020 |
|
|
|a 9602364084
|
| 040 |
|
|
|a GrPaTEI
|b gre
|c GR-PaULI
|
| 040 |
|
|
|a GrPaTEI
|b gre
|c GR-PaULI
|
| 245 |
0 |
3 |
|a Το ημερόλογιο της Ζλάτα /
|c Ζλάτα Φιλιπόβιτς ; Άγγελος Φιλιππάτος.
|
| 260 |
|
|
|a Αθήνα :
|b Λιβάνης,
|c 1994
|
| 300 |
|
|
|a 190 σελ.
|
| 650 |
|
4 |
|a Γαλλική Λογοτεχνία
|
| 650 |
|
4 |
|a ΛΟΓΟΤΕΧΝΙΑ
|
| 700 |
1 |
|
|a ΦΙΛΙΠΟΒΙΤΣ, Ζ.
|
| 700 |
1 |
|
|a Φιλιππάτος, Άγγελος
|
| 942 |
|
|
|2 ddc
|
| 952 |
|
|
|0 0
|1 0
|2 ddc
|4 0
|6 843_000000000000000_ΦΙΛ
|7 0
|9 278828
|a MSLG
|b MSLG
|c BSC
|d 2021-01-17
|e 24
|f 0
|g 0.00
|l 0
|o 843 ΦΙΛ
|p 2420000009531
|r 2021-01-17 00:00:00
|t 1
|w 2021-01-17
|y BK15
|x 20020620 0 1
|x GrPaTEI
|
| 971 |
|
|
|a .b25869589
|b 16-04-20
|c 14-09-16
|
| 999 |
|
|
|c 162366
|d 162366
|